000 00386 a2200145 4500
082 _a657.48
090 _c2415
_d2415
100 _aJan,S.P.
245 _aBasic Financial Accounting
_bProblems and Solutions
_cS.P.Jain
_hK.L.Narang
250 _a2nd edition
260 _aNew Delhi
_bKalyani Publishers
_c1997
300 _a412p
500 _aPaper cover
942 _aNBS
_cBK
_k657.48 JAI
999 _c344913
_d344913